Альманах Української Католицької Парохії святої Покрови. (Запис № 573022)

МАРК-запис
000 -Лідер
fixed length control field 00704 a2200217 4500
001 - Контрольний номер
control field 216222718
003 - Ідентифікатор контрольного номера
control field UA-OsUOA
005 - Дата та час останнього входження (трансакції)
control field 20220912151343.0
008 - Елементи даних фіксованої довжини – загальна інформація
fixed length control field 220825b un ||||| |||| 00| 0 ukr d
040 ## - Джерело каталогізації
Агенція оригінальної каталогізації UA-OsUOA
Мова каталогізації ukr
Агенція, яка здійснювала перезапис UA-OsUOA
Агенція, яка здійснювала модифікацію UA-OsUOA
041 ## - Код мови
Код мови тексту/ звукової доріжки чи окремого заголовка (П) ukr
080 ## - Індекс Універсальної десяткової класифікації
Індекс Універсальної десяткової класифікації (УДК) (НП) 050
090 ## - Локальний шифр розміщення
Класифікаційний індекс УДК 050
Авторський знак (НП) А56
245 ## - Відомості про назву
Назва (НП) Альманах Української Католицької Парохії святої Покрови.
260 ## - Публікація, розповсюдження і т.п. (Вихідні дані)
Місце публікації, розповсюдження і т.п. (П) Йорктон
Дата публікації, розповсюдження і т.п. (П) 1951
300 ## - Фізичний опис
Обсяг 58 с.
650 ## - Додаткове предметне введення – тематичний термін
Джерело заголовка чи терміна UDC
Тематичний термін чи географічна назва, як елемент введення (НП) 050 Періодика
942 ## - Додаткові елементи входу (Коха)
Тип елемента Koha Номер журналу
Source of classification or shelving scheme Universal Decimal Classification
955 ## - Код типу видання за змістом
Код типу видання за змістом (НП) інше
Фонди
Стан вилучень Стан втрат Джерело класифікації або схеми стелажів Стан уражень Не для кредиту Код колекції Постійне місце розташування Поточне розміщення Дата придбання Джерело придбання Вартість, звичайна ціна покупки Усього замовленно Повний номер виклику Штрих-код Дата останнього перегляду Ціна ефективна від Тип елемента Koha
    Universal Decimal Classification     Колекція Центру дослідження імміграційної історії Міннесотського університету Наукова бібліотека ІДУД Наукова бібліотека ІДУД 25/08/2022 Акт надходження № 5 (25.08.2022, Періодика ауд.34) 1.00   050 А56 216222718 25/08/2022 25/08/2022 Номер журналу